000 00581nam a2200205Ia 4500
003 GCL
008 140319s9999 xx 000 0 ara d
040 _aGCL /
_cGCL
082 0 4 _a252
_bاب
100 1 _aاحمد فريد
245 1 0 _aالبحر الرقائق فى الذهد والرقائق /
_cاحمد فريد
260 _a[S.N] :
_bمكتبة الصحابة ،
_c1991
300 _a336 ص
490 _a
650 0 4 _aالشريعة الاسلامية
650 0 4 _aعبادات
650 0 4 _aالاخرة
650 0 4 _aامراض القلب
942 _2ddc
_cBK
999 _c58388
_d58388